| 000 | 00611cam a2200253 4500 | ||
|---|---|---|---|
| 001 | B2869 | ||
| 008 | 090401t1990 xxu||||| |||| 00| 0 eng d | ||
| 035 | _a(Sirsi) u52606 | ||
| 041 | _aeng | ||
| 050 | _a306.109421 | ||
| 110 |
_aLondon Research Centre _93277 |
||
| 245 | _aHousing briefing for London 1990 | ||
| 260 |
_aLondon _bLondon Research Centre _c1990 |
||
| 300 | _a7p. ; 30cm. | ||
| 350 | _a0 | ||
| 650 | _aCOUNCIL HOUSING | ||
| 650 | _aHOMELESSNESS | ||
| 650 | _aHOUSE PRICES | ||
| 650 | _aHOUSE BUILDING | ||
| 650 | _aRENT | ||
| 650 | _aSTATISTICS | ||
| 942 | _n0 | ||
| 948 | _c04/03/1997 | ||
| 999 |
_c93117 _d93117 |
||